Method and appraisal in the physical sciences (Registro nro. 184246)

Detalles MARC
000 -ENCABEZADO
Número de control [NR] 00850 a2200217 4500
005 - FECHA Y HORA DE LA ÚLTIMA TRANSACCIÓN
control field 20140903175018.0
008 - DE LONGITUD FIJA DE DATOS DE ELEMENTOS - INFORMACIÓN GENERAL
Elementos de longitud fija [NR] 140211s1976 xxu||||fr|||| 001 0 eng d
020 ## - NUMERO INTERNACIONAL NORMALIZADO PARA LIBROS [R]
Número Internacional Normalizado del libro [NR] 9780521113083
040 ## - FUENTE DE CATALOGACION [NR]
Agencia de catalogación original [NR] CO-BoUCM
Idioma de catalogación [NR] spa
Quien Cataloga Jose A. Gerena
Quien Clasifica Diana Londoño
041 ## - CODIGO DE IDIOMA [R]
Código de idioma para texto/pista de sonido o título separado [R] Inglés
245 00 - MENCION DE TITULO [NR]
Título [NR] Method and appraisal in the physical sciences
Parte restante del título [NR] The critical background to modern science, 1800 - 1905
Mención de responsabilidad, etc. [NR] editado por Colin Howson
260 ## - PUBLICACION, DISTRIBUCION, ETC. (PIE DE IMPRENTA) [R]
Fecha de publicación, distribución, etc. [R] 1976
Nombre del editor, distribuidor, etc. [R] Cambridge University press
Lugar de publicación, distribución, etc. [R] Nueva York (Estados Unidos)
300 ## - DESCRIPCION FISICA [R]
Extensión [R] vii, 344 páginas
504 ## - NOTA DE BIBLIOGRAFIA, ETC. [R]
Nota de bibliografía, etc. [NR] Incluye referencias bibliográficas e índices
650 #7 - ASIENTO SECUNDARIO DE MATERIA - TERMINO TEMATICO [R]
9 (RLIN) 10809
Término temático o nombre geográfico como elemento de entrada [NR] Ciencias físicas
650 #7 - ASIENTO SECUNDARIO DE MATERIA - TERMINO TEMATICO [R]
Término temático o nombre geográfico como elemento de entrada [NR] Ciencias físicas
Subdivisión general [R] Metodología
9 (RLIN) 55673
690 ## - ASUNTO AGREGADO LOCAL DE ENTRADA - TÉRMINO TEMÁTICO (OCLC, RLIN)
9 (RLIN) 42755
Acceso temático local Ciencias naturales
700 1# - ASIENTO SECUNDARIO - NOMBRE PERSONAL [R]
Nombre personal [NR] Howson, Colin
Término de relación [R] editor
9 (RLIN) 55481
942 ## - ELEMENTOS DE ENTRADA AGREGADOS (KOHA)
Tema principal Ciencias puras
Tipo de ítem principal el descrito en 300a Libro
Edición 1
Parte restante de la signatura top. M592
Sistema de clasificación DEWEY
Clasificación 500.2
Existencias
Fecha de último préstamo Total préstamos Signatura topográfica Código de barras Última vez visto Ejemplar Costo de reposición Price effective from Tipo de ítem Perdido Sistema de clasificación Dañado No prestable Tipo de ítem específico Suprimido Ubicación habitual Ubicación actual Localización Fecha de creación Proveedor Forma de adquisición Costo
02/10/2024 1 500.2 M592 100140056 05/12/2025 Ej.1 78300.00 14/01/2014 Libro   DEWEY     Libro   Claustro Claustro 2do piso 14/01/2014 15 Compra 78300.00